| 000 | 00719nam a2200253 a 4500 | ||
|---|---|---|---|
| 001 | 51024 | ||
| 003 | BD-RjUL | ||
| 005 | 20211209075611.0 | ||
| 008 | 160829t19741962xx 000 0 eng d | ||
| 020 | _a0521294681 | ||
| 020 | _a0706908546 | ||
| 035 | _a(BD-RjUL) 51144 | ||
| 035 | _a(OCoLC)06498882 | ||
| 040 |
_aOSU _cOSU _dBD-RjUL _beng |
||
| 041 | _aeng | ||
| 082 |
_223 _a515 _bBUF 1974 |
||
| 100 | 1 |
_aBurkill, J. C. _9152665 |
|
| 245 | 1 | 2 |
_aA first course in mathematical analysis / _cJ. C. Burkill. |
| 260 |
_aNew York : _bVikas Publishing House, _c1962 [Reprinted 1979] |
||
| 300 |
_avi, 186 p. _bill. _c22 cm. |
||
| 500 | _aIncludes index. | ||
| 650 | 0 |
_aMathematical analysis. _9152666 |
|
| 942 |
_2ddc _cBK |
||
| 999 |
_c51024 _d51024 |
||